[Event "Budapest FS08 FM-A"]
[Site "Budapest"]
[Date "2016.08.14"]
[Round "9"]
[White "Harreth, Salim Wali"]
[Black "Fodor, Balazs"]
[Result "1-0"]
[WhiteElo "2080"]
[BlackElo "2113"]
[PlyCount "37"]
[EventDate "2016.08.06"]
[EventType "tourn"]
[EventRounds "10"]
[EventCountry "HUN"]
[SourceTitle "CBM 173 Extra"]
[Source "ChessBase"]
[SourceDate "2016.08.29"]
[SourceVersion "1"]
[SourceVersionDate "2016.08.29"]
[SourceQuality "1"]

1. e4 e6 2. d4 d5 3. e5 c5 4. c3 Nc6 5. Nf3 cxd4 6. cxd4 Nh6 7. Bxh6 gxh6 8. Nc3 Bg7 9. Bb5 0-0 10. 0-0 Ne7 11. Re1 Ng6 12. Ne2 f6 13. exf6 Qxf6 14. Ng3 Nh4 15. Re3 Nxf3+ 16. Rxf3 Qxd4 17. Rxf8+ Kxf8 18. Qh5 Qxb2 19. Qe8# 1-0

[Event "Budapest FS08 FM-A"]
[Site "Budapest"]
[Date "2016.08.09"]
[Round "4"]
[White "Fodor, Balazs"]
[Black "Harreth, Salim Wali"]
[Result "1-0"]
[WhiteElo "2113"]
[BlackElo "2080"]
[PlyCount "45"]
[EventDate "2016.08.06"]
[EventType "tourn"]
[EventRounds "10"]
[EventCountry "HUN"]
[SourceTitle "CBM 173 Extra"]
[Source "ChessBase"]
[SourceDate "2016.08.29"]
[SourceVersion "1"]
[SourceVersionDate "2016.08.29"]
[SourceQuality "1"]

1. d4 d5 2. c4 c6 3. Nc3 Nf6 4. Nf3 Ne4 5. e3 e6 6. Qc2 f5 7. Bd3 Bd6 8. g3 Nd7 9. Nd2 Qg5 10. Nf1 Qh5 11. Qe2 Qh3 12. f4 Ndf6 13. Nd2 Nxg3 14. Qf3 Nfh5 15. Nf1 Nf6 16. hxg3 Qg4 17. Qxg4 Nxg4 18. Nh2 Nf6 19. Nf3 Bd7 20. Ne5 Bxe5 21. dxe5 Ng4 22. cxd5 cxd5 23. Bd2 1-0

[Event "Budapest FS08 FM-A"]
[Site "Budapest"]
[Date "2016.08.06"]
[Round "1"]
[White "Harreth, Salim Wali"]
[Black "Kovacs, Arthur"]
[Result "1-0"]
[WhiteElo "2080"]
[BlackElo "2026"]
[PlyCount "59"]
[EventDate "2016.08.06"]
[EventType "tourn"]
[EventRounds "10"]
[EventCountry "HUN"]
[SourceTitle "CBM 173 Extra"]
[Source "ChessBase"]
[SourceDate "2016.08.29"]
[SourceVersion "1"]
[SourceVersionDate "2016.08.29"]
[SourceQuality "1"]

1. e4 c6 2. d4 d5 3. f3 dxe4 4. fxe4 e5 5. Nf3 Be6 6. c3 Nf6 7. Bd3 Nbd7 8. 0-0 Bd6 9. Qe2 0-0 10. Bg5 Qc7 11. Nbd2 Rae8 12. Rae1 Be7 13. Kh1 Ng4 14. h3 Bxg5 15. Nxg5 Ngf6 16. Nxe6 Rxe6 17. g4 exd4 18. cxd4 Qb6 19. Nf3 h6 20. Rg1 Rfe8 21. Qc2 a5 22. a3 Nh7 23. h4 Qd8 24. e5 Nhf8 25. Bf5 R6e7 26. g5 g6 27. gxh6 Kh7 28. h5 gxf5 29. Qxf5+ Kh8 30. Ng5 1-0